[Event "Jermuk FIDE GP"]
[Site "Jermuk"]
[Date "2009.08.12"]
[Round "4"]
[White "Aronian, Levon"]
[Black "Kamsky, Gata"]
[Result "1-0"]
[WhiteElo "2768"]
[BlackElo "2717"]
[Annotator "Marin,M"]
[PlyCount "81"]
[EventDate "2009.08.09"]
[EventType "tourn"]
[EventRounds "13"]
[EventCountry "ARM"]
[EventCategory "19"]
[SourceTitle "CBM 132"]
[Source "ChessBase"]
[SourceDate "2009.09.16"]
[SourceVersion "1"]
[SourceVersionDate "2009.09.16"]
[SourceQuality "1"]

1. c4 g6 2. e4 e5 3. d4 Nf6 4. Nf3 {I investigated this variation, aimed as a
complememt to the Gruenfeld, in an article published in CBM 126.} Bb4+ ({
My conclusion was that Black's most reliable continuation is} 4... exd4 {
Here is a brief sequence from my analysis, ending in the critical position.} 5.
e5 Bb4+ 6. Bd2 Qe7 {This move has been almost unanimously played here, but,
despite Black's expectations, it fails to maintain the tension.} 7. Bxb4 Qxb4+
8. Qd2 {It appears that Black has to help White's development by exchanging
queens.} Qxd2+ 9. Nbxd2 Nh5 (9... Ng8 10. Nxd4 f6 {has been recommended "with
equality". This does not sound very realistic. ALL Black's pieces are on their
initial squares, while White has reasonable development and an advantage of
space.} 11. O-O-O $5 fxe5 12. Re1 d6 13. f4 {is one of the possible
continuations.}) 10. Nxd4 Nc6 {Refraining from this move allows White to
complete his development and maintain his space advantage in the centre.} 11.
Nxc6 dxc6 {An interesting position. Contemporary players are familiar with the
so-called Berlin Spanish structure, but here Black does not enjoy the pair of
bishops. However, his results have been quite acceptable in practice. One
important detail is that the far advanced e-pawn is slightly vulnerable, the
same as the squares around it. This allows Blackto play for a blockade,
sometimes leading to a draw in a position only optically better for White.
Another essential element is the fact that the black king has not lost the
right to castle yet.}) 5. Nc3 $5 $146 {According to the reports, Aronian took
his time before playing this move. Was he checking his old analysis, or did he
just produce an over the board novelty?} ({Only} 5. Bd2 {had been played so
far and I evaluated the position as +/=, on the basis of the game Portisch,L 
(2640)-Sax,G (2590)/Rio de Janeiro 1979/IZT/[Mihail Marin] (1-0, 30)}) 5...
exd4 {Further practice is needed before giving a final evaluation to this move.
} ({My provisional conclusion is that} 5... Nxe4 {is not worse than the game
continuation.} 6. Qc2 d5 7. dxe5 (7. Nxe5 O-O) 7... d4 8. a3 Bxc3+ 9. bxc3 Nxc3
{As a compensation for the sacrificed pawn, White has chances to invade
through the weakened kingside squares.} 10. Bg5 Bf5 (10... Qd7 11. Bd3 $44) 11.
Bxd8 Bxc2 12. Bf6 O-O 13. Nxd4 {[%csl Gc2,Gc3]} Bf5 {This seems to be the only
way to avoid problems with the hanging minor pieces and enable ...Nd7xf6 as
soon as possible.} 14. Nxf5 gxf5 15. Bd3 Nd7 $132) 6. a3 $1 {The logical
consequence of the previous move.} (6. Qxd4 $6 Nc6 {would give Black time for
completing his development.}) 6... Bxc3+ 7. bxc3 O-O {Kamsky decides to get
castled at once, bringing his king into (at least temporary) safety and
preparing some counterplay along the e-file.} ({He may have discarded} 7...
dxc3 {because of} 8. Bh6 {, when his king would be stuck in the centre.} Nc6 (
8... Nxe4 $2 9. Qd4 Nf6 10. Bg7 $18) (8... Ng4 $2 9. Bg7 Rg8 10. Bxc3 $16) (
8... d6 9. Qd4 $44) 9. Bd3 d6 10. Qb3 $44 {[%cal Gb3c3]}) 8. e5 $1 {Keeping
the dynamic character of the position.} (8. cxd4 Nxe4 9. Bd3 d5 10. O-O Nc6 $13
{would offer Black chances to stabilize the position.}) 8... Re8 9. Be2 Ne4 $2
{As pointed out in Chessbase Magazine online, this can be considered the
decisive mistake.} (9... d3 $1 {is the only chance to stay in the game. I
insert an abbreviated form of the original CBM online analysis, with some
additions of my own.} 10. Qxd3 (10. Bg5 dxe2 11. Qxe2 ({There is no need for
Black to fear:} 11. Qd3 Qe7 12. Bxf6 Qf8) 11... d6 12. Bxf6 Qd7 13. Qe3 Qf5 14.
g4 Qxf6 15. exf6 Rxe3+ 16. fxe3 Bxg4 {tends to be advantageous for Black..})
10... Ng4 11. Qd5 ({if playing 9...d3! Black had, above all, to foresee} 11.
Bg5 Nxe5 $1) (11. Bf4 Nc6 12. O-O Ngxe5 13. Nxe5 Nxe5 14. Qg3 d6 $13 15. c5 $6
Nd7 $1 {Marin}) 11... Nxe5 (11... d6 12. Bg5 Qd7 13. exd6 Qxd6 {should also be
playable for Black.}) (11... Qe7 $6 12. Bg5 Qe6 13. Qxe6 Rxe6 14. Bf4 Nc6 15.
Nd4 $1 {Marin}) (11... Nc6 $2 12. Bg5 Ne7 13. Qd4 $18 {Marin}) 12. Nxe5 Qe7 13.
Qxf7+ Qxf7 14. Nxf7 Kxf7 15. Be3 {and perhaps White has the more pleasant
endgame here. Marin: I agree with this verdict. White has the pair of bishops
and excellent attacking chances on the kingside, based on h4-h5. He also is
better developed. These aspects make the queenside weaknesses less relevant.})
10. Qxd4 f5 11. Qd5+ $1 {An essential intermediate check. The queen is exposed
in the centre anyway, but the last move cannot be considered a commitment.
Since the king will have to occupy a square along the long dark diagonal, the
queen will be able to return to d4 with gain of time.} ({The immediate} 11. h4
$6 {can be answered with} d6 12. Qd5+ Be6 $1 13. Qxb7 Nd7 $15) 11... Kg7 (11...
Re6 12. Nd4 $16) 12. h4 $1 {With his queenside completely undeveloped, Black
cannot parry the simple kingside attack based on the advance of the h-pawn.} d6
{This is relatively best, but not sufficient.} (12... h6 $2 13. g4 {[%cal
Gg4f5,Gh1g1]} d6 14. Bxh6+ $1 Kxh6 15. Qf7 {[%cal Gg4g5]} fxg4 16. h5 $18) (
12... Nc6 $6 13. h5 $40) (12... c6 $6 13. Qd4 c5 (13... d6 14. exd6+ Qf6 15.
Bf4 $18) (13... Qa5 14. Bd2 $16) 14. Qe3 $40) 13. Ng5 $1 Qe7 $6 {This is
equivalent to giving up without a fight.} (13... Nxg5 $2 {would be even worse
because of} 14. Bxg5 Qd7 15. Bf6+ Kf8 16. h5 Qf7 17. hxg6 $1 Qxg6 ({Against} 
17... Qxd5 {, the most spectacular and effective answer is} 18. gxh7 $1 $18 {
[%cal Gh7h8]}) 18. Bh5 Qxf6 19. Bxe8 $18) ({The slightly paradoxical} 13... Qd7
$5 {would have forced White to find a series of only moves to maintain the
initiative.} 14. Nxe4 Rxe5 $1 15. Nf6 $1 {Decoying the king on to a vulnerable
square.} Kxf6 16. Qg8 $1 {[%cal Gc1g5]} Rxe2+ (16... f4 17. Qf8+ {[%csl Gc8]}
Ke6 18. Bxf4 $18) 17. Kd1 $1 {[%cal Gc1g5]} (17. Kxe2 $6 Qe6+ $44 {looks
entirely playable for Black.}) 17... f4 18. Qh8+ Qg7 19. Qxc8 Qe7 20. Be3 Rb2
21. Re1 $16 {Most likely, the dispersed black army cannot provide satisfactory
defence to the black king.}) 14. Nxe4 fxe4 15. exd6 cxd6 16. h5 $18 {The
material is equal, but White is better developed, has two strong bishops and a
natural attack. The rest is agony.} Qe5 17. hxg6 hxg6 18. Bh6+ Kf6 19. Qd2 e3
20. Bxe3 Nc6 21. O-O-O Be6 22. Rh7 Re7 23. Rxe7 Kxe7 24. Bf4 Qa5 25. Bxd6+ Kf7
26. Qb2 Kg8 27. c5 Qa4 28. Bd3 Bf5 29. Bb5 Qe4 30. f3 Qe3+ 31. Qd2 Re8 32. Qxe3
Rxe3 33. Kd2 Re8 34. g4 Be6 35. Re1 Kf7 36. Rh1 Rg8 37. Bd3 Kf6 38. Rh7 Rg7 39.
g5+ Kf7 40. Rh8 Bd5 41. c4 1-0

[Event "Jermuk FIDE GP"]
[Site "Jermuk"]
[Date "2009.08.15"]
[Round "6"]
[White "Ivanchuk, Vassily"]
[Black "Kamsky, Gata"]
[Result "1/2-1/2"]
[WhiteElo "2703"]
[BlackElo "2717"]
[PlyCount "227"]
[EventDate "2009.08.09"]
[EventType "tourn"]
[EventRounds "13"]
[EventCountry "ARM"]
[EventCategory "19"]
[SourceTitle "CBM 132"]
[Source "ChessBase"]
[SourceDate "2009.09.16"]
[SourceVersion "1"]
[SourceVersionDate "2009.09.16"]
[SourceQuality "1"]

1. Nf3 Nf6 2. c4 g6 3. Nc3 d5 4. cxd5 Nxd5 5. Qb3 Nb6 6. d4 Bg7 7. Bf4 Be6 8.
Qa3 Nc6 9. e3 a5 10. Be2 Nb4 11. O-O c6 12. Ng5 Bd5 13. Rfc1 h6 14. Nge4 Nc4
15. Nxd5 Nxa3 16. Nc7+ Kf8 17. bxa3 Nd5 18. Nxd5 cxd5 19. Nc5 b6 20. Bc7 Qe8
21. Bxb6 Kg8 22. Rab1 e5 23. dxe5 Qxe5 24. Bf3 Kh7 25. Rd1 Qe7 26. Bxd5 Rab8
27. Na4 Qxa3 28. Bb3 Rhc8 29. Bxa5 Ra8 30. Nb6 Qxa5 31. Nxa8 Rxa8 32. Bxf7 Qf5
33. Bb3 Rf8 34. Rf1 h5 35. Rbd1 Be5 36. Rd5 Qe4 37. h3 Kh6 38. Rfd1 g5 39. R5d2
Bb8 40. Rc2 g4 41. hxg4 hxg4 42. g3 Qf3 43. Rd5 Rf6 44. Kh2 Bd6 45. Rcd2 Bb4
46. Bd1 Qe4 47. R5d4 Qb1 48. Rc2 Ba5 49. Kg2 Bb6 50. Rd3 Qb5 51. Rcd2 Qb4 52.
Kg1 Ba5 53. Rc2 Qb5 54. Rd4 Bb6 55. Rdc4 Qb1 56. Rc1 Qxa2 57. R1c2 Qa5 58. Rc6
Rxc6 59. Rxc6+ Kg5 60. Re6 Bc7 61. Be2 Qa2 62. Re7 Bxg3 63. Rg7+ Kf6 64. Rxg4
Be5 65. Bf3 Qb1+ 66. Kg2 Qh7 67. Kf1 Qh3+ 68. Ke2 Ke7 69. Re4 Qf5 70. Kf1 Kd6
71. Kg2 Qh7 72. Rc4 Qh2+ 73. Kf1 Qh3+ 74. Ke2 Qh7 75. Rc6+ Kd7 76. Rc5 Qb1 77.
Rd5+ Ke6 78. Rd3 Kf5 79. Rd5 Ke6 80. Rc5 Bd6 81. Rd5 Qa1 82. Be4 Qa6+ 83. Rd3
Bb4 84. Kf3 Qa1 85. Kg2 Be1 86. Kf1 Bc3+ 87. Kg2 Qb2 88. Rd1 Ke5 89. Kf3 Bd2
90. Rb1 Qa2 91. Rb5+ Kd6 92. Rb6+ Kc5 93. Rc6+ Kb5 94. Rc2 Qf7+ 95. Kg2 Bc3 96.
Rc1 Qg7+ 97. Kf3 Qf6+ 98. Kg2 Qg5+ 99. Kf1 Kc4 100. Bf3 Qf5 101. Kg2 Qg5+ 102.
Kf1 Kd3 103. Be2+ Kd2 104. Rd1+ Kc2 105. Rd7 Qh6 106. Bd3+ Kc1 107. Rh7 Qe6
108. Be2 Kd2 109. Rh4 Qf5 110. Bc4 Bf6 111. Rf4 Qh3+ 112. Kg1 Be5 113. Bf1 Qh7
114. Rd4+ 1/2-1/2

[Event "Jermuk FIDE GP"]
[Site "Jermuk"]
[Date "2009.08.22"]
[Round "12"]
[White "Kamsky, Gata"]
[Black "Eljanov, Pavel"]
[Result "1-0"]
[WhiteElo "2717"]
[BlackElo "2716"]
[PlyCount "131"]
[EventDate "2009.08.09"]
[EventType "tourn"]
[EventRounds "13"]
[EventCountry "ARM"]
[EventCategory "19"]
[SourceTitle "CBM 132"]
[Source "ChessBase"]
[SourceDate "2009.09.16"]
[SourceVersion "1"]
[SourceVersionDate "2009.09.16"]
[SourceQuality "1"]

1. e4 e5 2. Nf3 Nc6 3. Bb5 a6 4. Ba4 Nf6 5. O-O Be7 6. Re1 b5 7. Bb3 d6 8. c3
Na5 9. Bc2 c5 10. d4 Qc7 11. Nbd2 O-O 12. b3 Re8 13. h3 Bf8 14. d5 g6 15. Nf1
Bg7 16. Ng3 Nb7 17. Bg5 h6 18. Be3 Bd7 19. Qd2 Kh7 20. Nh2 h5 21. Rf1 c4 22.
Rac1 cxb3 23. axb3 Rac8 24. Ne2 Nc5 25. f3 a5 26. b4 Na4 27. Bd3 Qb7 28. bxa5
Nc5 29. Bc2 Qc7 30. g4 Kg8 31. Kh1 Qxa5 32. Rg1 Na4 33. Bb1 Nb6 34. Bg5 hxg4
35. Nxg4 Nxg4 36. fxg4 Nc4 37. Qe1 f6 38. Bh4 Rf8 39. Rf1 Rf7 40. Bd3 Nb2 41.
Bc2 Qa2 42. Rf3 Na4 43. Qd1 Nc5 44. Rb1 Qa8 45. Qd2 Qa2 46. Qd1 Qa6 47. Ra1 Qb7
48. Qd2 Na4 49. Bf2 Rc7 50. Rb1 Qc8 51. Bg1 Kh7 52. Rb3 Kg8 53. Rb4 f5 54. gxf5
gxf5 55. exf5 Bxf5 56. Bxf5 Rxf5 57. Rg3 Rh5 58. Kg2 Nc5 59. Rgg4 Rh7 60. Rxb5
Nd7 61. Qd3 Nf6 62. Rg3 Nh5 63. Rg5 Kh8 64. Qb1 Qa6 65. Rb8+ Rc8 66. Qb5 1-0

[Event "Jermuk FIDE GP"]
[Site "Jermuk"]
[Date "2009.08.23"]
[Round "13"]
[White "Karjakin, Sergey"]
[Black "Kamsky, Gata"]
[Result "1/2-1/2"]
[WhiteElo "2717"]
[BlackElo "2717"]
[Annotator "Kritz,L"]
[PlyCount "85"]
[EventDate "2009.08.09"]
[EventType "tourn"]
[EventRounds "13"]
[EventCountry "ARM"]
[EventCategory "19"]
[SourceTitle "CBM 132"]
[Source "ChessBase"]
[SourceDate "2009.09.16"]
[SourceVersion "1"]
[SourceVersionDate "2009.09.16"]
[SourceQuality "1"]

1. e4 c6 2. d4 d5 3. e5 {Das ist heute der Hauptzug.} (3. Nc3 dxe4 4. Nxe4 Bf5
5. Ng3 Bg6 6. h4 h6 7. Nf3 Nd7 8. h5 Bh7 9. Bd3 Bxd3 10. Qxd3 e6 11. Bf4 Qa5+
12. Bd2 Bb4 13. c3 Be7 14. c4 Qc7 15. O-O-O Ngf6 $11 {Früher spielte man diese
Stellung mit dem Bauern auf c2 (ohne Bb4-Be7). Der Unterschied ist, dass
Schwarz sehr gutes Gegenspiel mittels b5 bekommt. Deswegen greift Weiß öfters
zu 3.e5.}) 3... Bf5 4. Nd2 $5 {Ich denke, das ist eine der prinzipiellsten
Fortsetzungen in der Variante 3.e5 Bf5. Das am meisten gespielte 4.Nf3-Be2
führt zu keinem Vorteil, gerade weil Schwarz schnell zu c5 kommen kann.} (4.
Nf3 e6 5. Be2 c5 $1 6. Be3 cxd4 7. Nxd4 Ne7 8. Bg5 (8. c4 Nbc6 9. Qa4 a6 10.
Nc3 dxc4 11. O-O-O Qc8 12. Nxf5 Nxf5 13. Bb6 Bb4 14. Bf3 Nfe7 15. Bxc6+ Nxc6
16. Ne4 O-O 17. f4 Be7 18. Nd6 Bxd6 19. exd6 Qd7 $11 {Svidler - Belov (Dagomys,
2009)}) 8... Qd7 $1 9. Bxe7 (9. Nc3 Bg6 10. h4 h6 11. Bf4 Nec6 12. Nb3 Qd8 13.
h5 Bh7 14. Bd3 Bxd3 15. Qxd3 Nd7 16. Qg3 a6 $132 {Charbonneau - Erenburg 
(Baltimore, 2008)}) (9. c4 Nbc6 10. Bxe7 Bxe7 11. Nxf5 exf5 12. cxd5 Nxe5 13.
O-O O-O 14. Nc3 a6 15. Qd4 Bd6 16. a4 Qe7 17. Rad1 Rad8 18. Rfe1 Rfe8 19. Bf1
Qg5 $36 {Shabalov - Kacheishvili (Philadelphia, 2008). Schwarz kann eigentlich
nur besser stehen.}) 9... Bxe7 10. Nxf5 exf5 11. Bf3 (11. Nd2 Nc6 12. Nf3 O-O
13. O-O Rad8 14. Re1 Rfe8 15. Qd2 Bc5 $132 {Nijbör - Erenburg (Dieren, 2006)})
11... Qb5 12. Qxd5 Qxb2 13. O-O Nc6 14. Nd2 Rd8 15. Qb3 Qxb3 16. Nxb3 Kd7 17.
Rfd1+ Kc7 $11 {Mamedov - Rodshtein (Plovdiv, 2008)}) (4. Nc3 $5 {Das ist eine
einzelne Geschichte im Caro-Kann. Die entstehenden Stellungen sind sehr scharf
und unklar.} e6 5. g4 Bg6 6. Nge2 c5 7. h4 h5 8. Nf4 Bh7 9. Nxh5 cxd4 10. Nb5
Nc6 $132) 4... e6 5. Nb3 c5 $1 {Der direkteste und stärkste Weg!} ({Nach} 5...
Nd7 6. Nf3 Ne7 (6... c5 $2 7. dxc5 Nxc5 (7... a6 8. Nbd4 Bg6 9. b4 $16) 8. Nxc5
Bxc5 9. Bb5+ $16) 7. Be2 $14 {hat Weiß sein erstes Ziel erreicht - Schwarz
kann kein c5 spielen, und damit ist dem Weißen ein kleiner Vorteil gesichert.})
6. dxc5 Bxc5 $1 7. Nxc5 {Weiß muss seinerseits den Läufer natürlich nehmen,
sonst hat er überhaupt nichts.} Qa5+ 8. c3 Qxc5 9. Qa4+ $1 {Weiß muss ins
Endspiel gehen, um die Stärke seiner Läufer auszunutzen. Wenig bringt 9.Nf3
mit gleichem Mittelspiel.} (9. Nf3 Nc6 (9... Ne7 10. Be2 O-O 11. O-O Qc7 12.
Bf4 Nbc6 $11 {Kosintseva - Erenburg (Kusadasi, 2006)}) 10. Be3 Qa5 11. Nd4 Nge7
12. f4 Be4 13. Qd2 O-O 14. Nb3 Qc7 15. Bd3 Bxd3 16. Qxd3 Na5 17. Nxa5 Qxa5 $11
{Dembo - Ruck (Budva, 2009)}) 9... Nc6 10. Nf3 Nge7 11. Be3 {Weiß erzwingt den
Damentausch.} Qa5 12. Qxa5 Nxa5 13. Nd4 (13. Bb5+ Nac6 14. Nd4 Bg6 15. Kd2 Kd7
16. Rhc1 Rhc8 17. c4 dxc4 18. Rxc4 a6 19. Bxc6+ {1/2-1/2 Rublevsky - Dreev 
(Dagomys, 2004)}) 13... Nac6 $5 $146 (13... a6 {galt bis jetzt als Ausgleich
bringend.} 14. Nxf5 Nxf5 15. Bf4 Rc8 16. O-O-O Ne7 17. h3 (17. h4 h5 18. Rh3
Nc4 19. b3 Ng6 $1 $132 {Rublevsky - Erenburg (Beer Sheva, 2005)}) 17... Ng6 18.
Bh2 Nc4 19. Re1 O-O $11 {Kosintseva N. - Chiburdanidze (Krasnoturyinsk, 2006).
Zwar hat Weiß den Vorteil des Läuferpaares, doch die Stellung ist ziemlich
geschlossen und Schwarz kann sie wohl halten.}) 14. f4 (14. Nb5 $6 Kd7 15. f4
f6 16. exf6 gxf6 $132) 14... Nxd4 15. Bxd4 Nc6 16. Bc5 {Weiß hat das
Läuferpaar, doch ist die Stellung geschlossen und Schwarz hat keine Probleme.}
Rc8 17. Bd6 {Der einzige Plan von Weiß ist es, früher oder später c4
durchzuführen.} f6 $1 (17... Na5 $6 18. Bb5+ Kd8 19. b3 $1 $14 Rxc3 $4 20. Bb4
Nxb3 21. Bxc3 Nxa1 22. Bxa1 $18) (17... a6 $6 18. Be2 Na5 19. b3 $1 $14) 18.
Be2 Kf7 19. O-O Na5 20. b3 b6 {Nun hängt der Bauer c3.} (20... Rxc3 21. Bb4 Rc2
22. Bh5+ g6 23. Bd1 Nc6 24. Bxc2 Bxc2 (24... Nxb4 25. Bxf5 exf5 26. exf6 $18)
25. Bd6 d4 26. Kf2 $16) 21. Rac1 Nb7 22. Ba3 Nc5 $1 {Mit der überführung des
Springers nach c5 hat Schwarz die Reste der weißen Initiative beseitigt.} 23.
Rfd1 Rhd8 $11 24. Rd4 g5 $2 {Wenn man gegen das Läuferpaar spielt, sollte man
die Stellung nicht öffnen. Dazu schwächt Schwarz alle schwarzen Felder.} (24...
a5 25. g4 Be4 $11) 25. exf6 g4 (25... Kxf6 26. fxg5+ Kxg5 27. c4 Be4 28. cxd5
exd5 29. Bb2 Ne6 30. Rdd1 Rxc1 31. Bxc1+ Kg6 32. Bb2 $14) 26. c4 (26. Bb2 $5
Ne4 27. Rdd1 Nxf6 28. Ba6 Ra8 29. c4 dxc4 30. Bxc4 Rac8 31. Be5 $14) 26... Ne4
(26... Kxf6 27. Bb2 Kg6 28. cxd5 exd5 29. Rd2 $14) 27. cxd5 Rxc1+ 28. Bxc1 exd5
29. Bb2 Nxf6 30. Rd1 {Die weiße Stellung wäre auf Dauer besser, aber Schwarz
findet eine dynamische Lösung der Probleme.} Rc8 $1 31. Bxf6 (31. Rd2 {Ist
sehr passiv.} Ke6 $11) 31... Kxf6 32. Rxd5 Rc1+ 33. Bf1 (33. Kf2 Rc2 34. a3 Ra2
35. Rd6+ Ke7 36. Rd5 Kf6 $11) (33. Rd1 Rc2 34. Rd6+ Kg7 35. Rd5 Rxe2 (35... Kf6
$4 36. Rxf5+ Kxf5 37. Bd3+ $18) 36. Rxf5 Rxa2 $11) 33... h5 {Schwarz hat
exzellente Kompensation für den Bauern.} (33... Rc2 $4 34. Rxf5+ Kxf5 35. Bd3+
$18) 34. Rd2 h4 35. g3 hxg3 36. hxg3 Rc3 37. Kh2 Be4 {Die weißen Figuren sind
zu passiv, er muss in das remisliche Turmendspiel gehen.} 38. Bg2 Bxg2 39. Kxg2
a5 40. Rd6+ Kf5 41. Rd5+ (41. Rxb6 Rc2+ 42. Kf1 Rxa2 43. Rb5+ Ke4 {Weiß hat
keine Gewinnchancen mit dem König auf der Grundreihe.}) 41... Kf6 42. Rd6+ Kf5
43. Rd5+ 1/2-1/2

[Event "Baku op"]
[Site "Baku"]
[Date "2009.09.21"]
[Round "1"]
[White "Gurbanov, Fuad"]
[Black "Kamsky, Gata"]
[Result "0-1"]
[WhiteElo "2081"]
[BlackElo "2692"]
[PlyCount "62"]
[EventDate "2009.09.21"]
[EventType "swiss"]
[EventRounds "9"]
[EventCountry "AZE"]
[SourceTitle "EXT 2019"]
[Source "ChessBase"]
[SourceDate "2018.10.10"]
[SourceVersion "1"]
[SourceVersionDate "2018.10.10"]
[SourceQuality "1"]

1. e4 c5 2. Nf3 e6 3. d4 cxd4 4. Nxd4 a6 5. Nc3 b5 6. a3 Bb7 7. Bd3 Qc7 8. O-O
Nf6 9. Qe2 Bc5 10. Nb3 Ba7 11. Kh1 Nc6 12. f4 Nd4 13. Nxd4 Bxd4 14. e5 Bxc3 15.
bxc3 Nd5 16. c4 bxc4 17. Bxc4 Nc3 18. Qd3 O-O 19. Bb3 a5 20. Bb2 Qc6 21. Rf3
Ne4 22. Bd4 a4 23. Ba2 Rfc8 24. c3 Nc5 25. Qc2 Rab8 26. Rg1 Nb3 27. Rh3 Qe4 28.
Qf2 Qf5 29. Qh4 Nxd4 30. cxd4 Bxg2+ 31. Kxg2 Rb2+ 0-1

[Event "Baku op"]
[Site "Baku"]
[Date "2009.09.22"]
[Round "2"]
[White "Kamsky, Gata"]
[Black "Akhmedov, Fariz Khatir Oglu"]
[Result "1-0"]
[WhiteElo "2692"]
[BlackElo "2261"]
[PlyCount "121"]
[EventDate "2009.09.21"]
[EventType "swiss"]
[EventRounds "9"]
[EventCountry "AZE"]
[SourceTitle "EXT 2019"]
[Source "ChessBase"]
[SourceDate "2018.10.10"]
[SourceVersion "1"]
[SourceVersionDate "2018.10.10"]
[SourceQuality "1"]

1. e4 g6 2. d4 Bg7 3. Nf3 d6 4. c3 Nf6 5. Bd3 O-O 6. O-O Nc6 7. Bg5 h6 8. Bh4
e5 9. Re1 Bg4 10. dxe5 dxe5 11. h3 Be6 12. Na3 Qd7 13. Bc4 Qe8 14. Bxe6 Qxe6
15. Qb3 Nh5 16. Rad1 Qxb3 17. axb3 f5 18. Nd2 g5 19. Bg3 f4 20. Bh2 Nf6 21. b4
a6 22. f3 h5 23. Kf1 Rf7 24. Nb3 Bf8 25. Nc4 g4 26. Bg1 Rg7 27. Bf2 Kh7 28.
Nba5 Nxa5 29. bxa5 Re8 30. Rd3 g3 31. Bg1 Rd7 32. Rxd7+ Nxd7 33. Rd1 Nf6 34. b4
Kg7 35. Rb1 Re6 36. Ke2 Nd7 37. Rd1 Bd6 38. Bb6 Nxb6 39. axb6 Kf7 40. Rd5 Ke7
41. b5 axb5 42. Rxb5 Kd7 43. bxc7 Bxc7 44. Rxb7 Ra6 45. Kd3 Kc6 46. Rb1 Ra2 47.
Nb2 Ba5 48. Kc4 Ra3 49. Rc1 h4 50. Nd3 Ra2 51. Nxe5+ Kb7 52. Rb1+ Kc8 53. Nc6
Rxg2 54. Nxa5 Rf2 55. Nc6 Rxf3 56. Ne7+ Kd7 57. Nf5 Rf2 58. Nxh4 Ke6 59. Rb6+
Ke7 60. Rg6 Re2 61. Kd5 1-0

[Event "Baku op"]
[Site "Baku"]
[Date "2009.09.24"]
[Round "4"]
[White "Kamsky, Gata"]
[Black "Purtseladze, Maka"]
[Result "1-0"]
[WhiteElo "2692"]
[BlackElo "2380"]
[PlyCount "81"]
[EventDate "2009.09.21"]
[EventType "swiss"]
[EventRounds "9"]
[EventCountry "AZE"]
[SourceTitle "CBM 132 Extra"]
[Source "ChessBase"]
[SourceDate "2009.11.03"]
[SourceVersion "1"]
[SourceVersionDate "2009.11.03"]
[SourceQuality "1"]

1. e4 c6 2. d4 d5 3. e5 Bf5 4. Nf3 e6 5. Be2 Ne7 6. O-O Ng6 7. c3 Nd7 8. Ne1 h5
9. Be3 c5 10. a4 a6 11. a5 cxd4 12. cxd4 Nb8 13. g3 Nc6 14. Bxh5 Nxa5 15. Nd2
Bh3 16. Ng2 Bxg2 17. Kxg2 Ne7 18. Bg4 Nf5 19. h4 Be7 20. Bxf5 exf5 21. Qf3 g6
22. h5 Nc6 23. Rh1 Rg8 24. hxg6 fxg6 25. Rh7 Qd7 26. Bg5 Qe6 27. Bxe7 Nxe7 28.
b4 Kf8 29. b5 Rg7 30. Rh6 Ng8 31. Rh8 a5 32. b6 Qxb6 33. Qa3+ Kf7 34. Rb1 Qa6
35. Nf3 g5 36. Qc1 f4 37. Qc7+ Ne7 38. e6+ Kg6 39. Ne5+ Kf5 40. g4+ Kf6 41.
Rh6+ 1-0

[Event "Baku op"]
[Site "Baku"]
[Date "2009.09.25"]
[Round "5"]
[White "Sulashvili, Malkhaz"]
[Black "Kamsky, Gata"]
[Result "1/2-1/2"]
[WhiteElo "2476"]
[BlackElo "2692"]
[PlyCount "77"]
[EventDate "2009.09.21"]
[EventType "swiss"]
[EventRounds "9"]
[EventCountry "AZE"]
[SourceTitle "EXT 2019"]
[Source "ChessBase"]
[SourceDate "2018.10.10"]
[SourceVersion "1"]
[SourceVersionDate "2018.10.10"]
[SourceQuality "1"]

1. d4 d5 2. Nf3 Nf6 3. c4 c6 4. e3 Bg4 5. Nc3 e6 6. Bd3 Nbd7 7. O-O Be7 8. h3
Bh5 9. b3 O-O 10. Bb2 Re8 11. Be2 Qc7 12. Rc1 Rad8 13. Qc2 Qb8 14. e4 Nxe4 15.
Nxe4 dxe4 16. Qxe4 Bxf3 17. Bxf3 Bf6 18. Rcd1 Nb6 19. Rd3 Rd7 20. Rfd1 Qd8 21.
Qe2 g6 22. a4 Nc8 23. d5 Bxb2 24. dxc6 Rxd3 25. Rxd3 Bd4 26. cxb7 Ne7 27. b8=Q
Qxb8 28. Rxd4 Qxb3 29. c5 Qa3 30. Qc4 Rb8 31. c6 Rb1+ 32. Kh2 Qa1 33. Rd8+ Kg7
34. Qd4+ Qxd4 35. Rxd4 Rc1 36. Rd7 Nd5 37. Rxa7 Rxc6 38. a5 Rc2 39. Bxd5
1/2-1/2